Methods of critical discourse studies / (Record no. 22128)
[ view plain ]
| 000 -LEADER | |
|---|---|
| fixed length control field | 02113nam a22003255a 4500 |
| 003 - CONTROL NUMBER IDENTIFIER | |
| control field | EG-ScBUE |
| 005 - DATE AND TIME OF LATEST TRANSACTION | |
| control field | 20220410101445.0 |
| 008 - FIXED-LENGTH DATA ELEMENTS--GENERAL INFORMATION | |
| fixed length control field | 160808s2016 enka f bd 001 0 eng d |
| 020 ## - INTERNATIONAL STANDARD BOOK NUMBER | |
| International Standard Book Number | 1446282414 |
| 020 ## - INTERNATIONAL STANDARD BOOK NUMBER | |
| International Standard Book Number | 9781446282410 |
| 040 ## - CATALOGING SOURCE | |
| Original cataloging agency | EG-ScBUE |
| Language of cataloging | eng |
| Description conventions | rda |
| Transcribing agency | EG-ScBUE |
| Modifying agency | EG-ScBUE |
| 082 04 - DEWEY DECIMAL CLASSIFICATION NUMBER | |
| Edition number | 22 |
| Classification number | 401.41 |
| Item number | MET |
| 245 00 - TITLE STATEMENT | |
| Title | Methods of critical discourse studies / |
| Statement of responsibility, etc | edited by Ruth Wodak, Michael Meyer. |
| 250 ## - EDITION STATEMENT | |
| Edition statement | Third edition. |
| 264 #1 - PUBLICATION, DISTRIBUTION, ETC. (IMPRINT) | |
| Place of publication, distribution, etc | London : |
| Name of publisher, distributor, etc | Sage Publications Ltd, |
| Date of publication, distribution, etc | 2016. |
| 300 ## - PHYSICAL DESCRIPTION | |
| Extent | ix, 256 pages : |
| Other physical details | illustrations ; |
| Dimensions | 24 cm |
| 336 ## - CONTENT TYPE | |
| Source | rdacontent |
| Content type term | text |
| Content type code | txt |
| 337 ## - MEDIA TYPE | |
| Source | rdamedia |
| Media type term | unmediated |
| Media type code | n |
| 338 ## - CARRIER TYPE | |
| Source | rdacarrier |
| Carrier type term | volume |
| Carrier type code | nc |
| 500 ## - GENERAL NOTE | |
| General note | Includes glossary.<br/> |
| 504 ## - BIBLIOGRAPHY, ETC. NOTE | |
| Bibliography, etc | Includes bibliographical references and index.<br/> |
| 505 ## - FORMATTED CONTENTS NOTE | |
| Formatted contents note | Chapter 1: Critical discourse studies: history, agenda, theory, and methodology / Ruth Wodak & Michael Meyer Chapter --<br/>2: The discourse-historical approach (DHA) / Martin Reisigl and Ruth Wodak -- Chapter 3: Critical discourse studies: a sociocognitive approach / Teun A. van Dijk -- Chapter 4: A dialectical-relational approach to critical discourse analysis in social research / Norman Fairclough -- Chapter 5: Analysing discourses and dispositives: a Foucauldian approach to theory and methodology / Siegfried Jager and Florentine Maier --<br/>Chapter 6: Discourse as the recontextualization of social practice - a guide / Theo van Leeuwen -- Chapter 7: Checks and balances: how corpus linguistics can contribute to CDA / Gerlinde Mautner -- Chapter 8: Critical analysis of visual and multimodal texts / Dennis Jancsary, Markus A. Hollerer, Renate E. Meyer -- Chapter 9: Critical discourse studies and social media: power, resistance and critique in changing media ecologies / Majid KhosraviNik and Johann W. Unger. |
| 650 #7 - SUBJECT ADDED ENTRY--TOPICAL TERM | |
| Source of heading or term | BUEsh |
| 9 (RLIN) | 40681 |
| Topical term or geographic name as entry element | Discourse analysis |
| General subdivision | Methodology. |
| 651 ## - SUBJECT ADDED ENTRY--GEOGRAPHIC NAME | |
| Source of heading or term | BUEsh |
| 653 ## - INDEX TERM--UNCONTROLLED | |
| Arrived date list | August 2016 |
| Resource For college | Humanities: English |
| 655 ## - INDEX TERM--GENRE/FORM | |
| Form subdivision | Reading book |
| 9 (RLIN) | 34232 |
| 700 1# - ADDED ENTRY--PERSONAL NAME | |
| 9 (RLIN) | 40682 |
| Personal name | Wodak, Ruth, |
| Dates associated with a name | 1950- |
| Relator term | editor. |
| 700 1# - ADDED ENTRY--PERSONAL NAME | |
| 9 (RLIN) | 18507 |
| Personal name | Meyers, Michael, |
| Dates associated with a name | 1964- |
| Relator term | editor. |
| 942 ## - ADDED ENTRY ELEMENTS (KOHA) | |
| Source of classification or shelving scheme | Dewey Decimal Classification |
| Edition | 22 |
| Call number prefix | 401.41 MET |
| Koha item type | Book - Borrowing |
| Withdrawn status | Lost status | Source of classification or shelving scheme | Damaged status | Not for loan | Collection code | Home library | Current library | Shelving location | Date acquired | Source of acquisition | Cost, normal purchase price | Serial Enumeration / chronology | Total Checkouts | Total Renewals | Full call number | Barcode | Date last seen | Date checked out | Cost, replacement price | Koha item type |
|---|---|---|---|---|---|---|---|---|---|---|---|---|---|---|---|---|---|---|---|---|
| Dewey Decimal Classification | Baccah | Central Library | Central Library | Second Floor | 08/08/2016 | Purchase | 662.00 | 25868 | 3 | 2 | 401.41 MET | 000033144 | 15/07/2025 | 03/11/2024 | 827.00 | Book - Borrowing |